| 000 | 00977nam a22002297a 4500 | ||
|---|---|---|---|
| 005 | 20100821100211.0 | ||
| 008 | 100412t xxu||||| |||| 00| 0 ur d | ||
| 010 | _aUR-7814 | ||
| 020 | _c150.00 | ||
| 035 | _aU-6369 | ||
| 040 |
_adpl _bur |
||
| 082 | _a921 | ||
| 100 |
_915656 _aعقیل احمد خاں |
||
| 245 |
_aیادوں کاسفر / _cعقیل احمد خاں |
||
| 246 |
_aYadon Ka Safar / _bby Aqeel Ahmad Khan |
||
| 260 |
_aکانپور _bآل انڈیاپونم کلچرل سوسائٹی |
||
| 270 |
_aAderson 105/131, Chamanganj _bKanpur _k2554917 |
||
| 300 |
_aص 460 _b22 س م (Pbk) |
||
| 942 |
_2ddc _cUR _h921 _mع ق ی |
||
| 999 |
_c42794 _d42794 |
||